000 00663nam a22002057a 4500
003 OSt
005 20260318002744.0
008 260318b |||||||| |||| 00| 0 eng d
020 _a971-506-332-2.
040 _aDWCL Main lib
_cOC
082 _2Rev. ed
_aFil. 490.7 S939r 2005
100 _aSuarez-Buensuceso, Teresita
245 _aRetorika (Filipino 3 : para sa antas tersyarya)
_cteresita Suarez-Buensuceso
250 _aRev. ed
260 _aManila :
_bUST Publishing House,
_cc2005.
300 _aviii, 224 p. ;
_c23 cm.
504 _aFilipino language-Study and teaching.
700 _aJose Dakila N. Espiritu
942 _2ddc
_cBK - FIL
_eRev. ed
_kFil.
_n0
999 _c9244
_d9244